<?xml version="1.0" encoding="UTF-8"?>
<record
    xmlns:xsi="http://www.w3.org/2001/XMLSchema-instance"
    xsi:schemaLocation="http://www.loc.gov/MARC21/slim http://www.loc.gov/standards/marcxml/schema/MARC21slim.xsd"
    xmlns="http://www.loc.gov/MARC21/slim">

  <leader>00541pam a2200193 a 4500</leader>
  <datafield tag="020" ind1=" " ind2=" ">
    <subfield code="a">8123910851</subfield>
    <subfield code="c">165.00 SPECIMAN</subfield>
  </datafield>
  <datafield tag="041" ind1=" " ind2=" ">
    <subfield code="a">eng</subfield>
    <subfield code="h">NULL</subfield>
  </datafield>
  <datafield tag="082" ind1=" " ind2=" ">
    <subfield code="a">616</subfield>
    <subfield code="b">BHA/KAU</subfield>
  </datafield>
  <datafield tag="100" ind1=" " ind2=" ">
    <subfield code="a">BHATIA, M  .</subfield>
  </datafield>
  <datafield tag="245" ind1=" " ind2=" ">
    <subfield code="a">CBS QUICK REVIEW OF LATEST PAPERS / </subfield>
    <subfield code="c">NULL.</subfield>
    <subfield code="h">Textual Documents</subfield>
  </datafield>
  <datafield tag="260" ind1=" " ind2=" ">
    <subfield code="a">NULL : </subfield>
    <subfield code="b">CENTRAL BOOK SUPP.  (CBS) , </subfield>
    <subfield code="c">2004.</subfield>
  </datafield>
  <datafield tag="300" ind1=" " ind2=" ">
    <subfield code="a">220 : </subfield>
    <subfield code="b">xx ; </subfield>
    <subfield code="c">NULL . </subfield>
  </datafield>
  <datafield tag="365" ind1=" " ind2=" ">
    <subfield code="a">165.00 SPECIMAN</subfield>
    <subfield code="e">2</subfield>
  </datafield>
  <datafield tag="700" ind1=" " ind2=" ">
    <subfield code="a">KAUR, N  .</subfield>
  </datafield>
  <datafield tag="907" ind1=" " ind2=" ">
    <subfield code="a">3456</subfield>
    <subfield code="a">3457</subfield>
  </datafield>
  <datafield tag="930" ind1=" " ind2=" ">
    <subfield code="a">1156</subfield>
  </datafield>
  <datafield tag="999" ind1=" " ind2=" ">
    <subfield code="c">795692</subfield>
    <subfield code="d">795692</subfield>
  </datafield>
  <datafield tag="650" ind1=" " ind2=" ">
    <subfield code="a">GEN.MEDICINE</subfield>
  </datafield>
  <datafield tag="952" ind1=" " ind2=" ">
    <subfield code="0">0</subfield>
    <subfield code="1">0</subfield>
    <subfield code="4">0</subfield>
    <subfield code="7">0</subfield>
    <subfield code="a">MCS</subfield>
    <subfield code="b">MCS</subfield>
    <subfield code="d">2011-11-28</subfield>
    <subfield code="e"> </subfield>
    <subfield code="l">0</subfield>
    <subfield code="o">616 BHA/KAU</subfield>
    <subfield code="p">MCS-3457</subfield>
    <subfield code="r">2023-07-26 00:00:00</subfield>
    <subfield code="t">3</subfield>
    <subfield code="w">2023-07-26</subfield>
    <subfield code="y">BK</subfield>
  </datafield>
  <datafield tag="952" ind1=" " ind2=" ">
    <subfield code="0">0</subfield>
    <subfield code="1">0</subfield>
    <subfield code="4">0</subfield>
    <subfield code="7">0</subfield>
    <subfield code="a">MCS</subfield>
    <subfield code="b">MCS</subfield>
    <subfield code="d">2011-11-28</subfield>
    <subfield code="e"> </subfield>
    <subfield code="l">0</subfield>
    <subfield code="o">616 BHA/KAU</subfield>
    <subfield code="p">MCS-3456</subfield>
    <subfield code="r">2023-07-26 00:00:00</subfield>
    <subfield code="t">2</subfield>
    <subfield code="w">2023-07-26</subfield>
    <subfield code="y">BK</subfield>
  </datafield>
  <datafield tag="952" ind1=" " ind2=" ">
    <subfield code="0">0</subfield>
    <subfield code="1">0</subfield>
    <subfield code="4">0</subfield>
    <subfield code="7">0</subfield>
    <subfield code="a">MCS</subfield>
    <subfield code="b">MCS</subfield>
    <subfield code="d">2011-11-28</subfield>
    <subfield code="e"> </subfield>
    <subfield code="l">0</subfield>
    <subfield code="o">616 BHA/KAU</subfield>
    <subfield code="p">MCS-3455</subfield>
    <subfield code="r">2023-07-26 00:00:00</subfield>
    <subfield code="t">1</subfield>
    <subfield code="w">2023-07-26</subfield>
    <subfield code="y">BK</subfield>
  </datafield>
</record>
